000 01326nam0a22003011 4500
001 rc\4860800
005 20130426144349.1
021 _aRU
_b[58-20295]
035 _a(NLR Aleph) 008904313
090 _a8722978
_c8722978
100 _a20130426d1958 |||y0rusy50 ca
101 0 _arus
102 _aRU
105 _aa z |||||
200 1 _aПрименение сульфитцеллюлозного экстракта при шлихтовании пряжи в камвольном ткачестве
_e(Из опыта работы Краснохолм. камвольного комбината)
_fСовет нар. хозяйства г. Москвы. Моск. (гор.) экон. адм. район
210 _aМосква
_cЦБТИ
_d1958
215 _a16 с.
_cил.
_d22
225 1 _aДостижения науки и техники
300 _aАвт. указаны в конце текста
606 _aПряжа
_xШлихтование
_2psbo
606 _aСульфитцеллюлозные экстракты
_xИспользование в текстильном производстве
_2psbo
700 1 _aМуханов
_bП. Я.
701 1 _aБожкова
_bЕ. Д.
801 0 _aRU
_bNLR
_gpsbo
801 1 _aRU
_bELAR
_2rusmarc
852 _aNLR
_j58-6/3016
942 _cBOOK
980 _aNB